000 00601nam a2200217Ia 4500
003 OSt
005 20230329091015.0
008 210423s2009 xx 000 0 und d
020 _a195696522
040 _cAL
041 _aeng
082 _a541.39
_223
_bJORR
100 _aJORDAN (Robert B).
_979289
245 _aReaction mechanisms of inorganic and organometallic systems.
250 _a3
260 _aOxford
_bOxford University Press
_c2009
300 _aviii,521
_bPB
365 _b895
_cINR
906 _ainorganic ; mechanisms ; organometallic ; Reaction ; systems.
942 _2ddc
_cBK
999 _c154399
_d154399